Yüklüyor......

പ്രപ‍ഞ്ചവും മനുഷ്യനും /

Detaylı Bibliyografya
Yazar: വേണു, കെ
Diğer Yazarlar: Venu, K
Materyal Türü: Printed Book
Dil:English
Baskı/Yayın Bilgisi: തൃശൂര്‍ : 1993.
Edisyon:1st ed.
Konular:
LEADER 00646nam a22001817a 4500
008 190223b xxu||||| |||| 00| 0 eng d
999 |c 25936  |d 25936 
082 |a U 303.44  |b VEN 
100 |a വേണു, കെ 
240 |a Prapanchavum manushyanum 
245 |a പ്രപ‍ഞ്ചവും മനുഷ്യനും /  |c കെ വേണു 
250 |a 1st ed. 
260 |a തൃശൂര്‍ :  |c 1993. 
300 |a 392p. 
650 |a Social changes 
700 |a Venu, K 
942 |2 ddc  |c REF 
952 |0 0  |1 0  |2 ddc  |4 0  |6 U_303_440000000000000_VEN  |7 0  |9 35513  |a MAIN  |b MAIN  |d 2019-02-23  |e Gift  |g 85.00  |o U 303.44 VEN  |p 26049  |r 2019-02-23  |t 1  |w 2019-02-23  |y REF